Código civil y comercial de la nación /
Guardado en:
| Otros Autores: | , , |
|---|---|
| Formato: | Libro |
| Publicado: |
Buenos Aires :
Errepar,
2014
|
| Materias: | |
| Etiquetas: |
Agregar Etiqueta
Sin Etiquetas, Sea el primero en etiquetar este registro!
|
| LEADER | 01238nam a22002535a 4500 | ||
|---|---|---|---|
| 001 | CEM.cems014623 | ||
| 005 | 20150807164430.0 | ||
| 008 | 130507s2014##################000#0#####d | ||
| 003 | CEMS | ||
| 020 | |a 978870117186 | ||
| 082 | 0 | 4 | |a 346 |
| 245 | 0 | 0 | |a Código civil y comercial de la nación / |c Compilado Por Ricardo Antonio Parada; josé Daniel Errecaborde; francisco Roberto Cañada |
| 260 | |a Buenos Aires : |b Errepar, |c 2014 | ||
| 300 | |a 704 p. | ||
| 500 | |a Palabras preliminares por Ricardo L. Lorenzetti.aspectos relevantes del nuevo Código Civil y Comercial de la Nación, por Silvia Y. Tanzi.panorama del Derecho Comercial en el nuevo Código Civil y Comercial de la Nación, por Eduardo M. Favier Dubois (h).nuevas normas para la familia en la unificación de Códigos, por Marcos M. Córdoba.principales modificaciones. Cuadro Comparativo | ||
| 653 | |a Argentina-códigos | ||
| 653 | |a Código civil argentino | ||
| 653 | |a Código comercial argentino | ||
| 653 | |a Derecho civil | ||
| 653 | |a Derecho comercial | ||
| 700 | 1 | |a Parada, Ricardo Antonio, comp. | |
| 700 | 1 | |a Errecarde, José Daniel, comp. | |
| 700 | 1 | |a Cañada, Francisco Roberto, comp. | |
| 859 | |a CEMS |b BIB. CEMS - 11 de abril |h 346 |i Ar37-9 |p 27183.15 |t Ej.1 |v 2015 |3 2015 | ||
